| 000 | 00775 a2200229 4500 | ||
|---|---|---|---|
| 003 | CBULib | ||
| 005 | 20240828144543.0 | ||
| 008 | 240828b |||||||| |||| 00| 0 eng d | ||
| 020 | _a9780128167878 | ||
| 040 |
_bEnglish _cCBULib _erda |
||
| 041 | _aeng | ||
| 050 | _aTA 418.9 Han | ||
| 100 | _aHussain, Chaudhery Mustansar | ||
| 245 |
_aHandbook of functionalized nanomaterials for industrial applications _c/ edited by Chaudhery Mustansar Hussain |
||
| 260 |
_bElsevier : _c2020 _aAmsterdam, |
||
| 300 | _axxvi, 1038 pages : illustrations | ||
| 336 |
_2rdacontent _aText | _btxt |
||
| 337 |
_2rdamedia _aUnmediated | _bn |
||
| 338 |
_2rdacarrier _aVolume _bnc |
||
| 650 | 0 |
_93487 _aNANOSTRUCTURED MATERIALS--INDUSTRIAL APPLICATIONS--HANDBOOK,MANUALS |
|
| 942 |
_2lcc _c002 |
||
| 999 |
_c85231 _d85231 |
||